000 00326nam a2200133Ia 4500
005 20251222141903.0
008 251222s9999||||xx |||||||||||||| ||spa||
020 _a958-9093-03-5
082 _a780/C77
100 _aCopland, Aaron
245 0 _aCómo Escuchar la Música
264 _bFondo de Cultura Económica
942 _cLIB
999 _c8121
_d8121